Wars that Involved the U.S with Exceptions - Statistics

General Stats
  • This quiz has been taken 35 times
  • The average score is 10 of 15
Answer Stats
Year Ally Enemy Answer % Correct
1914-1918 Serbia, Russia, France, British Empire, Japan, United States Austria-Hungary, Bulgaria, Germany, Turkey World War I
100%
1939-1945 France, Great Britain, United States, Soviet Union, China Nazi Germany, Japan, Italy, Hungary World War II
100%
1955-1975 South Vietnam, United States, Lao Kingdom, Thailand, Khmer Republic North Vietnam, China, Khmer Rouge, Pathet Lao Vietnam War
93%
1950-present South Korea, United States, United Kingdom, France, Australia, Philippines North Korea, Soviet Union, China Korean War
82%
1959-1975 Kingdom of Laos, United States, South Vietnam, Thailand Pathet Lao, North Vietnam Laotian Civil War
75%
2001-2021 United States, Islamic Republic of Afghanistan, Canada, United Kingdom, Australia, Germany, Italy, Turkey . . . Taliban Afghanistan Afghan War
64%
1990-1991 United States, United Kingdom, Kuwait, Saudi Arabia, Egypt, Syria, Qatar, United Arab Emirates . . . Iraq Gulf War
64%
1917-1923 United States, Russian Democratic Republic, Czechoslovakia, British Empire Mongolia, Chinese Communist Movement, Russian Socialist Republic Russian Civil War
64%
1991-2001 United States, Kosovo, Albania, Croatia, Islamic Republic of Bosnia, France, Germany, Italy, United Kingdom . . . Serbia, Montenegro, Western Bosnia, Serbo-Croatian State, Albania Yugoslav Wars
64%
2003-2011 United States, Iraq, United Kingdom, Netherlands, Spain, Italy Ba'ath Iraq Movement, ISIS Iraq War
57%
1982-1984 United States, Lebanese Armed Forces, France, United Kingdom, Italy, Israel Lebanese National Movement, Iran, Syria, Libya, South Yemen Lebanese War
57%
2014- present Free Syrian Army, United States, United Kingdom, France, Australia, Saudi Arabia, Lebanon, Jordan, Morocco, Qatar, Canada . . . Islamic State of Syria, Russia, Iran Syrian Civil War
57%
2002-present Saudi Arabia, United States, United Arab Emirates, United Kingdom, Jordan, Morocco, Kuwait, Cabinet of Yemen. . . Yemen Armed Forces, Houthi Movement Yemen Civil War
57%
1980-1988 United States, Iraq, France, Soviet Union, Sudan Iran, United States, North Korea, Syria, China, Soviet Union Iran-Iraq War
54%
2011-2017 Central African Republic, Uganda, United States, South Sudan, Democratic Republic of the Congo Lord's Resistance Army, Ugandan Christian Republic Lord's Resistance Army War
36%
No matching quizzes found
Score Distribution
Percent of People with Each Score
Percentile by Number Answered
Your Score History
You have not taken this quiz